Statistics for The Only Country Bordering ________

Click here to take the quiz!

General Stats

  • This quiz has been taken 185 times
  • The average score is 13 of 15

Answer Stats

Border 1Border 2Country% Correct
IsraelSaudi ArabiaJordan
100%
ChileColombiaPeru
96%
GermanyHungaryAustria
93%
MontenegroSloveniaCroatia
93%
NorwaySwedenFinland
93%
UkraineGermanyPoland
91%
BangladeshLaosMyanmar
90%
HondurasGuatemalaEl Salvador
89%
UgandaSudanSouth Sudan
89%
SwazilandMalawiMozambique
88%
SyriaAzerbaijanTurkey
86%
BotswanaTanzaniaZambia
84%
IranKazakhstanTurkmenistan
83%
BeninIvory CoastBurkina Faso
78%
KazakhstanPakistanChina
78%

Score Distribution

Percentile by Number Answered

Percent of People with Each Score

Your Score History

You have not taken this quiz